=LDR 00000nam 2200000 4500 =001 INLIS000000000025388 =005 20130612123913 =008 ***********************************Ind** =035 ##$$0010-061300000025388 =041 ##$$a Ind =082 ##$$a 028 =090 ##$$a 028, Hui s =100 ##$$a Hui, Ming =245 ##$$a Seri cerita pengetahwan, Tentang olahraga(Berwarna), Hui MIng =260 ##$$a 2005 $b Jakarta =300 ##$$a 52 hlm, ilus, 23 cm =650 ##$$a Bacaan anak =850 ##$$a NBPNMAT